Guide to Companies Act : (Record no. 1428881)

MARC details
000 -LEADER
fixed length control field 01025nam a2200301Ia 4500
003 - CONTROL NUMBER IDENTIFIER
control field OSt
005 - DATE AND TIME OF LATEST TRANSACTION
control field 20250520123653.0
008 - FIXED-LENGTH DATA ELEMENTS--GENERAL INFORMATION
fixed length control field 25052050409s9999 xx 000 0 eng d
020 ## - INTERNATIONAL STANDARD BOOK NUMBER
International Standard Book Number 9789351433255
037 ## - SOURCE OF ACQUISITION
Stock number Textbook
040 ## - CATALOGING SOURCE
Original cataloging agency LCT
Language of cataloging eng
Transcribing agency LCT
041 ## - LANGUAGE CODE
Language code of text/sound track or separate title eng
Source of code eng
084 ## - COLON CLASSIFICATION NUMBER
Classification number Z,181 / Q15
Assigning agency LCT
100 ## - MAIN ENTRY--PERSONAL NAME
Personal name Ramaiya. A
9 (RLIN) 809070
245 #0 - TITLE STATEMENT
Title Guide to Companies Act :
Statement of responsibility, etc. by A Ramaiya
Remainder of title provinding guidance on the Companies Act,2013 (Vol. 1 & 2)/
250 ## - EDITION STATEMENT
Edition statement 18th ed.
260 ## - PUBLICATION, DISTRIBUTION, ETC.
Place of publication, distribution, etc. Gurgaon, Haryana
Name of publisher, distributor, etc. Lexis Nexis
Date of publication, distribution, etc. 2015
300 ## - PHYSICAL DESCRIPTION
Extent 3V (xxxii, 5985): Appendix (ccxxxix, 4192p) and index (Lxxxiii, 869p.)
365 ## - TRADE PRICE
Price type code INR
Price amount 13995 (Set Price)
500 ## - GENERAL NOTE
General note This book published in 5 volumes.
500 ## - GENERAL NOTE
General note 3 Vol has contents, 2 part in appendix and a index.
650 ## - SUBJECT ADDED ENTRY--TOPICAL TERM
Topical term or geographic name entry element Law
650 ## - SUBJECT ADDED ENTRY--TOPICAL TERM
Topical term or geographic name entry element Companies Act, 2013
9 (RLIN) 809071
650 ## - SUBJECT ADDED ENTRY--TOPICAL TERM
Topical term or geographic name entry element Insolvency and Bankruptcy
9 (RLIN) 809072
650 ## - SUBJECT ADDED ENTRY--TOPICAL TERM
Topical term or geographic name entry element Government Companies
9 (RLIN) 809073
942 ## - ADDED ENTRY ELEMENTS (KOHA)
Koha item type Textbook
Classification part Z,181 / Q15
Source of classification or shelving scheme Colon Classification (CC)
Suppress in OPAC No

No items available.

Copyright @ Delhi University Library System